| 000 | 00979nam a22002177a 4500 | ||
|---|---|---|---|
| 003 | JO-AjAnu | ||
| 005 | 20251012124920.0 | ||
| 008 | 251012b jo ||||| |||| 00| 0 ara d | ||
| 020 | _a9957330004 | ||
| 040 |
_aJO-AjAnu _bara _cJO-AjAnu _dJO-AjAnu _erda |
||
| 041 |
_aara _hara |
||
| 050 |
_aGV436. _bY37 2022 |
||
| 100 | 1 |
_aالياسري، محمد جاسم _eمؤلف _966756 |
|
| 245 | 0 |
_aالقياس والتقويم في التربية البدنية والرياضية / _c محمد جاسم الياسري، مروان عبدالمجيد ابراهيم |
|
| 260 |
_aعمان : _bمؤسسة الوراق للنشر والتوزيع، _c2022 |
||
| 300 | _a260 صفحة | ||
| 504 | _aيحتوي على مراجع باللغتين العربية والانجليزية | ||
| 650 | 7 | 0 |
_aالتربية البدنية-التمرينات الرياضية _966757 |
| 700 | 1 |
_aابراهيم، مروان عبد المجيد _eمؤلف مشارك _966758 |
|
| 942 |
_2lcc _cBK _n0 |
||
| 999 |
_c34048 _d34048 |
||